Ảnh hưởng của thương mại tự do đến nhân quyền (Sách chuyên khảo)

Nghiên cứu những ảnh hưởng của thương mại tự do đến nhân quyền

সংরক্ষণ করুন:
গ্রন্থ-পঞ্জীর বিবরন
প্রধান লেখক: Lê, Thị Hoài Thu
বিন্যাস: গ্রন্থ
ভাষা:Undetermined
প্রকাশিত: Hà Nội Hồng Đức 2016
বিষয়গুলি:
ট্যাগগুলো: ট্যাগ যুক্ত করুন
কোনো ট্যাগ নেই, প্রথমজন হিসাবে ট্যাগ করুন!
Thư viện lưu trữ: Trung tâm Học liệu Trường Đại học Cần Thơ
LEADER 00769nam a2200205Ia 4500
001 CTU_218032
008 210402s9999 xx 000 0 und d
082 |a 341.481 
082 |b Th500 
100 |a Lê, Thị Hoài Thu 
245 0 |a Ảnh hưởng của thương mại tự do đến nhân quyền 
245 0 |b (Sách chuyên khảo) 
245 0 |c Lê Thị Hoài Thu, Vũ Công Giao (Đồng chủ biên) 
260 |a Hà Nội 
260 |b Hồng Đức 
260 |c 2016 
520 |a Nghiên cứu những ảnh hưởng của thương mại tự do đến nhân quyền 
650 |a Human rights,Quyền con người 
904 |i Nguyên 
980 |a Trung tâm Học liệu Trường Đại học Cần Thơ